Metallica - Sad But True lyrics - Statistics

General Stats
  • This quiz has been taken 28 times
  • The average score is 191 of 258
Answer Stats
Answer % Correct
I
100%
you
100%
You
100%
but
95%
Sad
95%
sad
95%
true
95%
Hey
91%
the
91%
your
91%
I’m
86%
(I’m
86%
Im
86%
one
86%
eyes
82%
eyes)
82%
life
82%
there
82%
who
82%
care
77%
cares
77%
takes
77%
dream
73%
dream)
73%
only
73%
pain
73%
pain)
73%
real
73%
when
73%
make
68%
must
68%
steal
68%
can’t
64%
my
64%
feel
59%
betray
55%
Do
55%
do
55%
friend
55%
it’s
55%
know
55%
lies
55%
no
55%
shelter
55%
For
50%
for
50%
now
50%
reason
50%
They
50%
they
50%
you’re
50%
You’re
50%
And
45%
cover
45%
dirty
45%
forever
45%
mask
45%
open
45%
who’s
45%
work
45%
blamed
41%
longer
41%
mind
41%
scapegoat
41%
shamed
41%
telling
41%
they’ll
41%
alibis
36%
astray
36%
Hate
36%
hate
36%
truth
36%
while
36%
away
32%
deeds
32%
inside
32%
love
32%
repay
32%
took
32%
fair
23%
nothing’s
23%
Pay
23%
pay
23%
price
23%
want
23%
No matching quizzes found
Score Distribution
Percent of People with Each Score
Percentile by Number Answered
Your Score History
You have not taken this quiz